000 01295cam a22003497a 4500
003 CHAP
005 20220329133901.0
008 971013s1964 r 00010 d
010 _a12229
011 _a13201
035 _a17272
040 _cCHAP
082 _a551.5943
_bH38
100 0 0 _aHastings, James Rodney
_eed.
_953052
245 0 _aClimatological data for Baja California
260 _aTucson :
_bInstitute of Atmospheric Physics,
_c1964
300 _a132 p.
490 0 _aTechnical reports on the meteorology and climatology of arid regions
_v; 14
590 _aBATCH-UPD
_b10
_c20130110
_lUCH01
_h0855
590 _aBATCH-UPD
_b10
_c20130410
_lUCH01
_h0526
590 _aBATCH-UPD
_b10
_c20130914
_lUCH01
_h0948
590 _aCONVERSION
_b10
_c20130109
_lUCH01
_h1308
650 1 4 _aClima
_xBaja California.
_923816
650 1 4 _aClima
_xMéxico.
_923835
650 1 4 _aClima
_xRegiones áridas.
_923842
710 0 _aUniversity of Arizona. Institute of Atmospheric Physics.
_9116691
830 0 _aTechnical reports on the meteorology and climatology of arid regions
_v; 14
_9111912
901 _aBK
942 _cLIBRO
949 _a551.5943 H38
_bBC
_cLIBRO
_d33724000461497
_eLIBRO
_h7841
_i17272
_mD
_si
949 _a551.5943 H38
_bBC
_cLIBRO
_d33724000461505
_eLIBRO
_fc.2
_h7842
_i17272
_mD
_si
999 _c12229
_d12229